মনোবিদ্যা / (Record no. 2327)

MARC details
000 -LEADER
fixed length control field 00735nam a22002057a 4500
001 - CONTROL NUMBER
control field BD-DhSAU 2327
003 - CONTROL NUMBER IDENTIFIER
control field BD-DhSAU
005 - DATE AND TIME OF LATEST TRANSACTION
control field 20150127145744.0
008 - FIXED-LENGTH DATA ELEMENTS--GENERAL INFORMATION
fixed length control field 150127b1986 ii a||||r|||| 000 0 ben d
040 ## - CATALOGING SOURCE
Original cataloging agency BD-DhSAU
082 ## - DEWEY DECIMAL CLASSIFICATION NUMBER
Edition number 22
Classification number ১৫০
Item number জগম
100 ## - MAIN ENTRY--PERSONAL NAME
Personal name সান্যাল, জগদীশ্বর.
245 ## - TITLE STATEMENT
Title মনোবিদ্যা /
Statement of responsibility, etc. জগদীশ্বর সান্যাল.
260 ## - PUBLICATION, DISTRIBUTION, ETC. (IMPRINT)
Place of publication, distribution, etc. কলিকাতা :
Name of publisher, distributor, etc. শ্রীদুর্গাদাস পাণ্ডা ,
Date of publication, distribution, etc. ১৯৮৬.
300 ## - PHYSICAL DESCRIPTION
Extent viii, ২৯৩ পৃ. :
Other physical details চিত্র ;
Dimensions ২১ সেমি।
590 ## - Name of Cataloguer
Name of Cataloger joy
650 ## - SUBJECT ADDED ENTRY--TOPICAL TERM
Topical term or geographic name as entry element Horticulture.
650 ## - SUBJECT ADDED ENTRY--TOPICAL TERM
Topical term or geographic name as entry element মনোবিদ্যা।
650 ## - SUBJECT ADDED ENTRY--TOPICAL TERM
Topical term or geographic name as entry element Psychology.
942 ## - ADDED ENTRY ELEMENTS (KOHA)
Source of classification or shelving scheme Dewey Decimal Classification
Koha item type Book
Holdings
Withdrawn status Lost status Source of classification or shelving scheme Damaged status Not for loan Home library Branch Name Shelving location Date acquired Total Checkouts Full call number Barcode Checked out Date last seen Date checked out Price effective from Koha item type Collection code
    Dewey Decimal Classification     SAU Library SAU Library General Stacks 29/06/1988 3 ১৫০ জগম 12126 21/05/2026 30/04/2026 30/04/2026 27/01/2015 Book  
    Dewey Decimal Classification     SAU Library SAU Library General Stacks 29/06/1988   ১৫০ জগম 12130   10/02/2015   10/02/2015 Book  
    Dewey Decimal Classification     SAU Library SAU Library General Stacks 29/06/1988   ১৫০ জগম 12123   10/02/2015   10/02/2015 Book  
    Dewey Decimal Classification     SAU Library SAU Library General Stacks 29/06/1988   ১৫০ জগম 12124   10/02/2015   10/02/2015 Book  
    Dewey Decimal Classification     SAU Library SAU Library General Stacks 29/06/1988   ১৫০ জগম 12128   10/02/2015   10/02/2015 Book  
    Dewey Decimal Classification     SAU Library SAU Library General Stacks 29/06/1988   ১৫০ জগম 12127   10/02/2015   10/02/2015 Book  
    Dewey Decimal Classification     SAU Library SAU Library General Stacks 29/06/1988   ১৫০ জগম 12122   10/02/2015   10/02/2015 Book  
    Dewey Decimal Classification   Not For Loan SAU Library SAU Library Reference 29/06/1988   ১৫০ জগম 12121   30/05/2015   30/05/2015 Book Reference